000
00269nam a2200121Ia 4500
008
241002s9999 xx 000 0 und d
082
_a
808.83 WEL
100
_a
Wells H.G
245
0
_a
Tales of Wonder
260
_a
London:
_c
1953
600
_a
Literature
942
_c
UC
999
_c
18822
_d
18822